000 00328nam a2200145Ia 4500
999 _c14204
_d14204
003 OSt
005 20260413151911.0
008 260210s9999 xx 000 0 und d
020 _a9780727761712
082 _a711.4072
100 _aMeeda
245 0 _aGraphics For Urban Design, 2Nd Ed.
260 _bTTL
942 _cBPLAN
_2ddc